Statistics for Generator Puzzle #28

Click here to take the quiz!

General Stats

  • This quiz has been taken 720 times
  • The average score is 13 of 21

Answer Stats

HintAnswer% Correct
Humped animalCamel
95%
Ace an exam dishonestlyCheat
94%
Make small talkChat
89%
Brass, tin, copper etc.Metal
89%
Money in handCash
82%
Photographer's request?Smile!
77%
Mollusc, used in chowderClam
76%
Peruvian capitalLima
76%
Swiss alpine cottageChalet
60%
Long-term weatherClimate
60%
Most sereneCalmest
57%
Deep fissure, abyssChasm
55%
Hindu social classCaste
53%
Walter White cooked thisMeth
52%
Neuschwanstein, eg.Castle
49%
Stretchy materialElastic
49%
The Prince of DenmarkHamlet
47%
Belief in a GodTheism
44%
Bamako is its capitalMali
40%
Humiliating embarrassmentShame
33%
9-Letter WordALCHEMIST
25%

Score Distribution

Percentile by Number Answered

Percent of People with Each Score

Your Score History

You have not taken this quiz